Coherence between data protection and competition law in digital markets (Record no. 1433933)

MARC details
000 -LEADER
fixed length control field 00611nam a2200217Ia 4500
005 - DATE AND TIME OF LATEST TRANSACTION
control field 20250718145510.0
008 - FIXED-LENGTH DATA ELEMENTS--GENERAL INFORMATION
fixed length control field 008 250715s9999 xx 000 0 eng d
020 ## - INTERNATIONAL STANDARD BOOK NUMBER
International Standard Book Number 978-0-19-888561-0 (Hbk)
037 ## - SOURCE OF ACQUISITION
Stock number Textual
040 ## - CATALOGING SOURCE
Original cataloging agency FLL
Transcribing agency FLL
041 ## - LANGUAGE CODE
Language code of text/sound track or separate title eng
Source of code eng
084 ## - COLON CLASSIFICATION NUMBER
Classification number D65,8(B):(Z), R3
Assigning agency FLL
100 ## - MAIN ENTRY--PERSONAL NAME
Personal name MAJCHER Klaudia
9 (RLIN) 816035
245 #0 - TITLE STATEMENT
Title Coherence between data protection and competition law in digital markets
250 ## - EDITION STATEMENT
Edition statement 1st
260 ## - PUBLICATION, DISTRIBUTION, ETC.
Name of publisher, distributor, etc. Oxford Oxford University Press U.K
Date of publication, distribution, etc. 2023
300 ## - PHYSICAL DESCRIPTION
Extent xxiii,310 ill
365 ## - TRADE PRICE
Price amount 9801
942 ## - ADDED ENTRY ELEMENTS (KOHA)
Koha item type Textual
Holdings
Withdrawn status Lost status Damaged status Not for loan Home library Current library Date acquired Source of acquisition Total Checkouts Full call number Barcode Date last seen Price effective from Koha item type
        Faculty of Law Library Faculty of Law Library 2025-07-18 Segment book distributor   D65,8(B):(Z), R3 LL1617977 2025-07-18 2025-07-18 Textual
Copyright @ Delhi University Library System